Discurso leído al tomar el grado Doctor en Administración / (Record no. 166558)

MARC details
000 -LEADER
campo de control de longitud fija 00848nam a22001695i 4500
001 - NÚMERO DE CONTROL
campo de control 166558
003 - IDENTIFICADOR DE NÚMERO DE CONTROL
campo de control ES-MaACL
005 - FECHA Y HORA DE LA ÚLTIMA TRANSACCIÓN
campo de control 20230906213345.0
008 - DATOS DE LONGITUD FIJA--INFORMACIÓN GENERAL
campo de control de longitud fija 050915s1877 sp | |||||||| ||spa d
040 ## - FUENTE DE CATALOGACIÓN
Centro catalogador/agencia de origen CAM
Lengua de catalogación spa
Centro/agencia transcriptor CAM
100 1# - ENTRADA PRINCIPAL--NOMBRE DE PERSONA
Nombre de persona Tort y Martorell, Javier.
9 (RLIN) 133343
245 10 - MENCIÓN DEL TÍTULO
Título Discurso leído al tomar el grado Doctor en Administración /
Mención de responsabilidad, etc. por Javier Tort y Martorell.
260 ## - PUBLICACIÓN, DISTRIBUCIÓN, ETC.
Lugar de publicación, distribución, etc. Barcelona :
Nombre del editor, distribuidor, etc. [s.n.],
Fecha de publicación, distribución, etc. 1877 (
Fabricante Imprenta de Jaime Jepús)
300 ## - DESCRIPCIÓN FÍSICA
Extensión 70 p. ;
Dimensiones 27 cm.
594 ## - Nota al título y mención de responsabilidad
Nota al título y mención de responsabilidad Tít. del discurso: La guerra considerada como órgano de la justicia internacional. Principales progresos que en el llamado "Derecho de la guerra" ha llevado á cabo la civilización europea"
852 ## - LOCALIZACIÓN
Ubicación ES-MaACL
Número de control de estantería T-1274-F-1
Nota libre -- Enc. hol., conservando la cub. original
-- -- An. ms.: ded. del autor a Laureano Figuerola
-- -- Enc. en un vol. facticio
Holdings
Estatus retirado Estado de pérdida Estado de daño No para préstamo Colección Biblioteca de origen Biblioteca actual Ubicación en estantería Fecha de adquisición Total de préstamos Signatura topográfica completa Código de barras Visto por última vez Precio de reemplazo Tipo de ítem Koha
        Colección de folletos Biblioteca del Ateneo de Madrid Biblioteca del Ateneo de Madrid Depósito folletos 17/01/2008   T-1274-F-1 1174688 23/02/2023 23/02/2023 Folleto